Länder Europas im Jahre 1938/39 (Mit Karte!) - Statistiken

Allgemein
  • Dieses Quiz wurde 2.214 mal gespielt
  • Das Durchschnittsergebnis liegt bei 33 aus 35
Antworten auf der Karte
Die Antworten werden auf der Karte rot bzw. grün angezeigt, abhängig davon wie oft sie richtig erraten wurden.
 
Antwortstatistiken
Länder % Korrekt
Deutsches Reich
99%
Finnland
98%
Franco-Spanien
98%
Frankreich
98%
Italien
98%
Norwegen
98%
Polen
98%
Schweden
98%
Belgien
97%
Dänemark
97%
Estland
97%
Irland
97%
Lettland
97%
Luxemburg
97%
Niederlande
97%
Portugal
97%
Schweiz
97%
Vereinigtes Königreich
97%
Griechenland
96%
Island
96%
Liechtenstein
96%
Litauen
96%
Türkei
96%
Albanien
95%
Andorra
95%
Ungarn
95%
Vatikanstadt
95%
Großrumänien
94%
Monaco
94%
Sowjetunion
94%
Bulgarien
93%
San Marino
93%
Jugoslawien
89%
Tschechoslowakei
86%
Danzig
70%
Keine übereinstimmenden Quizze gefunden
Verteilung der Resultate
Anzahl Personen mit jedem Resultat
Perzentil nach korrekt beantworteten Fragen
Ihre Resultats-Entwicklung
Sie haben dieses Quiz noch nicht gespielt